000 00579nam a2200205 a 4500
003 BD-JhCC
005 20230624100439.0
008 230624s2023 bg |||| |||| 000 0 ben d
035 _a(BD-JhCC)
040 _aBD-JhCC
_dBD-JhCC
041 _aeng
082 _a546
_bHUQ 2023
100 _aHuque, Dr. Md. Monimul
245 _aInogranic Chmistry :
_bfor university student /
_cDr. Md. Monimul Huque and Anika Auni
260 _aDhaka :
_bUnivrsity Campus,
_c2023
300 _a1111 p. :
_c23 cm.
650 _aInorganic Chemistry
700 _aAuni, Anika
942 _2ddc
_cBK
999 _c13077
_d13077